000 00809nam a2200289Ia 4500
003 OSt
005 20221006160124.0
006 a|||||r|||| 00| 0
007 ta
008 221006b |||||||| |||| 00| 0 kor d
020 _a9781565913165 (V.2)
_cW15,000
024 _a44,358
037 _bGift, KCC (Window on Korea)
_cTextual
040 _aEASL
_cEASL
_bkor
041 _2kor
_akor
082 _aP495, Q3.
100 _aLee Sang-Oak et al.
_9671989
245 0 _aKorean through English, V.2
260 _aSeoul
_bHollym Korea
_c2013
300 _a232p. CD - 1
_ccm.
490 _v V.2KL
500 _aAccompanying CD - 1
650 _a KL
650 _aGrammer
942 _hP495, Q3.
_cTEXL
_2CC
999 _c1112450
_d1112450